Statistics for ♫ Love Yourself Lyrics - Justin Bieber ♫ [Guess all lyrics]

Click here to take the quiz!

General Stats

  • This quiz has been taken 1,844 times
  • The average score is 319 of 407

Answer Stats

Lyric% Correct
you
100%
a
99%
I
98%
And
98%
and
98%
that
97%
the
96%
My
96%
on
96%
my
96%
go
96%
in
92%
so
90%
think
89%
don't
89%
love
88%
like
88%
time
87%
should
87%
all
86%
yourself
85%
to
85%
I'm
83%
For
83%
for
83%
mama
81%
be
81%
every
81%
baby
81%
times
80%
still
80%
she
79%
but
79%
likes
78%
didn't
78%
oh
78%
up
77%
if
77%
own
76%
everyone
76%
parade
75%
name
75%
was
74%
'cause
74%
hold
73%
using
72%
wrong
72%
know
71%
get
71%
'cause
70%
clubs
70%
heart
69%
rain
69%
song
68%
broke
67%
never
67%
way
67%
write
67%
want
66%
look
66%
phone
66%
girl
65%
admit
64%
much
64%
sake
64%
crying
63%
care
63%
somethin'
62%
movin'
62%
goodness
62%
well
61%
ain't
61%
wanna
61%
hit
60%
see
59%
going
59%
me
59%
holdin'
59%
anyone
59%
now
58%
thinking
58%
caught
57%
what's
56%
job
55%
been
54%
sleeping
53%
I've
52%
better
50%
maybe
47%
not
46%
back
45%
friends
44%
with
38%
them
38%
problem
37%
hated
37%
told
37%
when
36%
only
33%
opinion
30%
where
29%
at
28%
feel
28%
from
28%
make
27%
made
26%
came
26%
forget
25%
small
22%
nothin'
22%
tried
19%
fell
18%
let
14%
break
14%
down
14%
fool
13%
walls?
12%
felt
11%
vulnerable
10%
low
9%
think
6%

Score Distribution

Percentile by Number Answered

Percent of People with Each Score

Your Score History

You have not taken this quiz